Представление документа в формате RUSMARC

ПолеНазваниеЗначение
  Тип записи a
  Библиографический уровень m
001 Контрольный номер RU/УОНБ/EK/582397644
005 Дата корректировки 20240131005743.2
010 Индекс ISBN __
a ISBN 978-5-9795-1796-4
d Цена 180 р.
9 Тираж 60 экз.
100 Данные общей обработки __
a Данные общей обработки 20180615d2018 u y0rusy0189||||ca
101 Язык документа 0_
a Язык текста rus
102 Страна публикации __
a Страна публикации RU
105 Кодированные данные (монография) __
a Кодированные данные (монография) a z 001yy
200 Заглавие и сведения об ответственности 1_
a Заглавие Строительство и энергосбережение в 21 веке
d Параллельное заглавие Construction and energy efficiency in the 21st century
e Сведения, относящиеся к заглавию сб. науч. тр. Междунар. науч.-конф. (19-20 марта 2018, г. Ульяновск, Россия)
f Первые сведения об ответственности М-во образования и науки РФ, Ульян. гос. техн. ун-т
g Последующие сведения об ответственности ред. К. Хабермель, В. Тур, М. Замалеев
210 Выходные данные 1_
a Место издания Ульяновск
c Издательство Изд-во УлГТУ
d Дата издания 2018
215 Физическое описание __
a Объем 459 с.
c Иллюстрации/тип воспроизводства ил., цв. ил., табл., схем., граф.
d Формат 24 см
300 Общие примечания __
a Общие примечания Текст рус., нем.
320 Библиография __
a Библиография Библиогр. в конце ст.
606 Тематические рубрики 0_
a Основная рубрика Строительство
j Формальный подзаголовок Сборники
606 Тематические рубрики 0_
a Основная рубрика Энергосбережение
j Формальный подзаголовок Сборники
686 Индексы других классификаций __
a Классификационный индекс 38я43
2 Код системы rubbk
686 Индексы других классификаций __
a Классификационный индекс 31.190.7я43
2 Код системы rubbk
702 Вторичная интеллектуальная ответственность _1
a Фамилия Хабермель
b Имя (инициалы) К.
4 Код отношения 340
702 Вторичная интеллектуальная ответственность _1
a Фамилия Тур
b Имя (инициалы) В.
4 Код отношения 340
702 Вторичная интеллектуальная ответственность _1
a Фамилия Замалеев
b Имя (инициалы) М.
4 Код отношения 340
712 Наименование организации (Вторичная ответственность) 02
a Организация/ юрисдикция Ульяновский государственный технический университет
4 Код отношения 570
801 Источник записи _0
a Страна RU
b Организация Ульяновская ОНБ
c Дата составления 20180615
g Правила каталогизации RCR
801 Источник записи _1
a Страна RU
b Организация Ульяновская ОНБ
c Дата составления 20180615
g Правила каталогизации RCR
901 Тип документа __
t Тип документа m
909 Создатель записи __
a Создатель записи Батталова
b Дата создания записи 20181128
938 Служебная информация __
a Имя БД books
b Имя библиотеки УОНБ
c Имя АИБС МАРК-SQL
d Номер DOC_ID в БД 339303